Normal view
MARC view
- Keller, Ernest G
Entry Personal Name
001 - CONTROL NUMBER
- control field: 39010
003 - CONTROL NUMBER IDENTIFIER
- control field: NUST
005 - DATE AND TIME OF LATEST TRANSACTION
- control field: 20210314131324.0
008 - FIXED-LENGTH DATA ELEMENTS
- fixed length control field: 210314|| aca||aabn | a|a d
040 ## - CATALOGING SOURCE
- Original cataloging agency: NUST
- Transcribing agency: NUST
100 ## - HEADING--PERSONAL NAME
- Personal name: Keller, Ernest G
670 ## - SOURCE DATA FOUND
- Source citation: Work cat.: (NUST): Doherty, Robert E. 39009, Mathematics of modern engineering., [1961, c1936-42]
